000 00836nas a22002057a 4500
003 OSt
005 20160914110723.0
008 160601b xxu||||| |||| 00| 0 eng d
022 _a1130-0426
040 _cBMC
082 _a320.3064
245 0 0 _aNueva revista de política, cultura y arte
_p: septiembre-octubre
_cAntonio Fontán (Presidente y editor)
260 _aMadrid
_bDifusiones y Promociones Editoriales, S.A. (Diproedisa)
_c2003
300 _a284 p.
_c21 cm
490 _aNueva revista de política, cultura y arte
_v89
505 _aContiene: Lo clásico hecho experiencia, apuntes de una vida ejemplar.- Filología y política.- Génesis de la periodística.- Difícil síntesis del periodistas y economistas.-
650 2 4 _912628
_aPolítica cultural
700 1 _93186
_aFontán, Antonio
_d1923-2010
942 _2ddc
_cPR
999 _c25835
_d25835